Регионална библиотека "Любен Каравелов" - Русе

Антропология (Запис номер 390023)

MARC детайли
000 -Лидер
Контролно поле с фиксирана дължина nam a22 a 4500
003 - Код на организацията, давaща контролен номер
Контролно поле BLK
005 - Дата и час на последна редакция
Контролно поле 20201014092623.0
008 - Елементи от данни с фиксирана дължина
fixed length control field 201014b bu ||||| |||| 00| 0 bu d
040 ## - Източник на каталожния запис
Идентификатор на билиотеката - собственик на записа BLK
041 ## - Код за език
Код за езика на текст/звукозапис или на отделно заглавие Български
Код за езика КДБФ Български
080 ## - УДК
Текстов определител УДК Антропология. Вж и 599.9 ; 61
УДК код - определител по УДК 572
УДК - код + определител 572
245 ## - Сведения за заглавието
Заглавие Антропология
Подзаглавни данни Введение към изучванието на человека и цивилизацията : Избрани глави из съчиненията на Е. Тайлора, Ш. Дебиера, Ю. Липперта и Топинара
260 ## - Област на издателските данни
9 (RLIN) 435202
Място на издаване, разпространение и проч. Варна
Име на издателя, разпространителя и проч. М. М. Тимофеев
Година на издаване 1896
300 ## - Физическа характеристика
Страници 750 с.
Илюстрации и др. с ил.
Размери/Мащаб 24 см
380 ## - Жанр
Жанр Естествени науки. Математика
490 ## - СЕРИИ (Колекции)
9 (RLIN) 435080
Име на серия Колекция Редки и ценни издания
490 ## - СЕРИИ (Колекции)
9 (RLIN) 204496
Име на серия Библиотека за самообразование
650 #7 - Допълнително описание по предмет – тема
9 (RLIN) 147249
Основно описание – тема или топоним Антропология
852 ## - Местоположение
Форматна сигнатура Рб 896
Фондова буква Редки и ценни
999 ## - СИСТЕМНИ КОНТРОЛНИ НОМЕРА
Koha biblionumber 390023
Koha biblioitemnumber 390023
942 ## - АРТИКУЛИ
Вид на библиотечния материал Книги
Скрит в OPAC Не
Периодичен библиозапис Да
944 ## - СЪЗДАВАНЕ И РЕДАКЦИЯ на ЗАПИСА
Създаване/Редакция Създаване
Дата на регистрацията/редакция 2020-10-14
Служител, извършил регистрацията/редакцията ВЙ
Наличности
Код за отписване Код за изгубен артикул Източник на класификационната схема Код за повреда Коз за рестрикции Код за отдаване Артикулен № Име на библиотеката - собственик Име на библиотеката, в която се намира в момента Статус (Текущо местоположение) Дата на вписване в системата Местоположение - отдел Цена в лева Инвентарен номер Систематично азбучна сигнатура Баркод Цена в евро Служебен тип на артикула
  Не е изгубен Universal Decimal Classification Не е повреден само за читалня Специални фондове ( старопечатни, редки и ценни, фонд М. Арнаудов) 803586 Регионална библиотека "Любен Каравелов" Русе Регионална библиотека "Любен Каравелов" Русе Редки и ценни 2020-10-19 Редки и ценни 2.50 10028/57 Рб 896 900000036361 1.28 Книги
Vip Innovations Ltd, Rousse, Bulgaria 2025